书目信息 |
| 题名: |
世界机械电子公司大全
|
|
| 作者: | ;电子工业部科学技术情报研究所 , 国际电子报社 , 国家经济委员会机电工业局 编 | |
| 分册: | 下册 | |
| 出版信息: | 北京 电子工业出版社 1987 |
|
| 页数: | 1699页 | |
| 开本: | 26cm | |
| 丛书名: | ||
| 单 册: | ||
| 中图分类: | F416.4-61 | |
| 科图分类: | ||
| 主题词: | 机械工业-公司--世界--名录 , 电子工业-公司--世界--名录 , 公司-电子工业--世界--名录 , 公司-机械工业--世界--名录 | |
| 电子资源: | ||
| ISBN: | ||
| 000 | 01018nam0 2200289 45 | |
| 001 | 0187003152 | |
| 005 | 20061028160046.84 | |
| 010 | @b精装@dCNY27.80 | |
| 091 | @aCN@b17290.423 | |
| 100 | @a19900808d1987 em y0chiy0121 ea | |
| 101 | 0 | @achi |
| 102 | @aCN@b110000 | |
| 105 | @ay g 001yy | |
| 200 | 10 | @a世界机械电子公司大全@Ashi jie ji xie dian zi gong si da quan@e电子电气部分@h下册@f国家经济委员会机电工业局等编 |
| 210 | @a北京@c电子工业出版社@d1987 | |
| 215 | @a1699页@d26cm | |
| 606 | @a机械工业-公司@y世界@x名录 | |
| 606 | @a电子工业-公司@y世界@x名录 | |
| 606 | @a公司-电子工业@y世界@x名录 | |
| 606 | @a公司-机械工业@y世界@x名录 | |
| 690 | @aF416.4-61@v3 | |
| 711 | 02 | @a电子工业部科学技术情报研究所@Adian zi gong ye bu ke xue ji shu qing bao yan jiu suo@4编 |
| 711 | 02 | @a国际电子报社@Aguo ji dian zi bao she@4编 |
| 711 | 02 | @a国家经济委员会机电工业局@Aguo jia jing ji wei yuan hui ji dian gong ye ju@4编 |
| 801 | 2 | @aCN@bNLC@c20061028 |
| 801 | 0 | @aCN@bTSSF |
| 905 | @a10447@dF416.4-61@e4:2 | |
| 世界机械电子公司大全:电子电气部分.下册/国家经济委员会机电工业局等编.-北京:电子工业出版社,1987 |
| 1699页;26cm |
| ISBN (精装):CNY27.80 |
| ● |
| 相关链接 |
|
|
|
|
正题名:世界机械电子公司大全
索取号:F416.4-61/4:2
 
预约/预借
| 序号 | 登录号 | 条形码 | 馆藏地/架位号 | 状态 | 备注 |
| 1 | 0204627 | 002058294 | 第一样本阅览室/ [索取号:F416.4-61/4:2] | 在馆 |